000 00833nam a22002657a 4500
001 BR7310487
003 BR-BrBNA
005 20230928084204.0
007 ta
008 230509b bl.||||| |||| 00| 0 por d
040 _aBR-BrBNA
_bpor
_cBiblioteca Nacional de Agricultura
041 _a(Por)
072 _aS00; E30
_b/G514
090 _ S00 BR7310487
110 1 _aInstituto Nacional de Alimentacao e Nutricao, Brasilia, DF (Brasil)
_96395
245 1 _aProjeto ACAL INAN-P-01 [Atividade Comunitaria e Alimentacao, Instituto Nacional de Alimentacao e Nutricao, Brasil]
260 3 _aBrasilia, DF (Brasil):
_c1973.
300 _a81 p.
500 _a28 ref.; 15 tables
650 _aALIMENTACAO
650 _aPADRAO DE ALIMENTO
650 _aPLANEJAMENTO ECONOMICO
909 _a202309
_bLucia
_c55
_dLucia Elande
942 _cBK
999 _c17368
_d17368